Plan de trabajo de la Rectoría 2000- 2004
| Kaituhi rangatōpū: | |
|---|---|
| Hōputu: | Pukapuka |
| Reo: | Pāniora |
| I whakaputaina: |
San José, Costa Rica. :
Oficina de Publicaciones de la Universidad de Costa Rica,
2001
|
| Ngā marau: |
MARC
| LEADER | 00000nam a2200000Ia 4500 | ||
|---|---|---|---|
| 008 | 180612b2001 cr ||||| |||| 00| | spa d | ||
| 999 | |c 1937 |d 1937 | ||
| 090 | |a 06.04.08 |b 980 | ||
| 110 | |a Universidad de Costa Rica. Rectoría |9 2480 | ||
| 245 | 1 | 0 | |a Plan de trabajo de la Rectoría 2000- 2004 |
| 260 | |a San José, Costa Rica. : |b Oficina de Publicaciones de la Universidad de Costa Rica, |c 2001 | ||
| 300 | |a 67 páginas | ||
| 610 | 4 | |a UNIVERSIDAD DE COSTA RICA |9 714 | |
| 650 | 1 | 4 | |a ADMINISTRACIÓN UNIVERSITARIA |9 3113 |
| 942 | |i 001626 |h 06.04.08 980 |2 z |c 01 | ||
